00433nam a2200169Ia 4500003000400000005001700004008004100021020002200062040000700084041000800091082002100099100002400120245005100144260004300195300001200238365001300250OSt20230429105859.0210423s2010 xx 000 0 und d a978-1-4088-4448-9 cAL aeng a910.4 223bGILE aGILBERT (Elizabeth) aEat praylovebOne womans search for everything aNew DelhibBloomsbury Publishingc2010 a349bPB b499cINR